[Event "LSS No Engine Cup 194 Final"]
[Site "LSS email"]
[Date "2020.07.05"]
[Round "?"]
[White "Groth, Detlef"]
[Black "Pech, Jaroslav Sr"]
[Result "0-1"]
[WhiteElo "1574"]
[BlackElo "1573"]
[PlyCount "60"]
[EventDate "2020.07.05"]
[EventType "tourn (corr)"]
[EventRounds "6"]
[EventCountry "GER"]
[SourceTitle "Corr 2022"]
[Source "ChessBase"]
[SourceDate "2021.10.24"]
[SourceVersion "1"]
[SourceVersionDate "2021.10.24"]
[SourceQuality "1"]

1. e4 c6 2. c4 d5 3. cxd5 cxd5 4. exd5 Nf6 5. Bb5+ Nbd7 6. Nc3 a6 7. Be2 b5 8. d4 b4 9. Na4 Nxd5 10. Nf3 e6 11. 0-0 Be7 12. Bd2 0-0 13. Rc1 Bb7 14. Qb3 Qb8 15. Nc5 Nxc5 16. dxc5 Rc8 17. Bxb4 Nxb4 18. Qxb4 a5 19. Qg4 a4 20. Rfd1 Bxc5 21. Bd3 Bd5 22. Rc2 f5 23. Qg3 Bf8 24. Rdc1 Rxc2 25. Rxc2 Bxa2 26. Rc7 Qxb2 27. h3 Bd5 28. Ng5 a3 29. Nf7 g6 30. Ng5 a2 0-1

[Event "LSS No Engine Cup 198 Preliminary 0"]
[Site "LSS email"]
[Date "2020.02.02"]
[Round "?"]
[White "Groth, Detlef"]
[Black "Sheers, Matthew"]
[Result "0-1"]
[WhiteElo "1614"]
[BlackElo "1600"]
[PlyCount "42"]
[EventDate "2020.02.02"]
[EventType "tourn (corr)"]
[EventRounds "6"]
[EventCountry "GER"]
[SourceTitle "Corr 2022"]
[Source "ChessBase"]
[SourceDate "2021.10.24"]
[SourceVersion "1"]
[SourceVersionDate "2021.10.24"]
[SourceQuality "1"]

1. e4 e6 2. d4 d5 3. e5 c5 4. c3 Nc6 5. Nf3 Qb6 6. a3 c4 7. Nbd2 Na5 8. Be2 Bd7 9. Rb1 h6 10. 0-0 Ne7 11. Re1 0-0-0 12. Qc2 Nf5 13. b4 cxb3 14. Nxb3 Nxb3 15. Qxb3 Qxb3 16. Rxb3 Ba4 17. Rb1 Kb8 18. Bb5 Bxb5 19. Rxb5 g5 20. a4 Rc8 21. Bd2 g4 0-1

[Event "LSS No Engine Cup 198 Preliminary 0"]
[Site "LSS email"]
[Date "2020.02.02"]
[Round "?"]
[White "Slavin, Pablo"]
[Black "Groth, Detlef"]
[Result "1-0"]
[WhiteElo "1394"]
[BlackElo "1614"]
[PlyCount "69"]
[EventDate "2020.02.02"]
[EventType "tourn (corr)"]
[EventRounds "6"]
[EventCountry "GER"]
[SourceTitle "Corr 2022"]
[Source "ChessBase"]
[SourceDate "2021.10.24"]
[SourceVersion "1"]
[SourceVersionDate "2021.10.24"]
[SourceQuality "1"]

1. e4 d5 2. exd5 Qxd5 3. Nc3 Qd8 4. Bc4 Nf6 5. Nf3 c6 6. 0-0 Bf5 7. d4 e6 8. Re1 Be7 9. Bg5 0-0 10. Nh4 Bg6 11. Nxg6 hxg6 12. Be3 Nbd7 13. a3 Nb6 14. Bd3 Nfd5 15. Nxd5 Nxd5 16. Bd2 Bf6 17. c4 Nb6 18. c5 Nd5 19. Bc3 Qc7 20. Qg4 Rfe8 21. g3 Rad8 22. Bc4 b5 23. Bb3 a5 24. Rad1 a4 25. Bc2 Ne7 26. h4 Rd5 27. Be4 Rh5 28. Bf3 Nf5 29. Kg2 Nxh4+ 30. gxh4 Bxh4 31. Kf1 Be7 32. Qg3 Qxg3 33. fxg3 Rh2 34. Kg1 Rh3 35. Kg2 1-0

[Event "SD-2019-0-00305"]
[Site "LSS email"]
[Date "2019.11.13"]
[Round "?"]
[White "Groth, Detlef"]
[Black "Stringa, Alejandro"]
[Result "0-1"]
[WhiteElo "1642"]
[BlackElo "1574"]
[PlyCount "46"]
[EventDate "2019.06.30"]
[EventType "tourn (corr)"]
[EventRounds "6"]
[EventCountry "GER"]
[SourceTitle "Corr 2022"]
[Source "ChessBase"]
[SourceDate "2021.10.24"]
[SourceVersion "1"]
[SourceVersionDate "2021.10.24"]
[SourceQuality "1"]

1. e4 e5 2. Bc4 Nf6 3. d3 Nc6 4. Nc3 Na5 5. Qf3 Nxc4 6. dxc4 d6 7. h3 Be6 8. b3 Be7 9. Nge2 0-0 10. 0-0 a5 11. a4 Nd7 12. Be3 Bg5 13. Bxg5 Qxg5 14. Nd5 Bxd5 15. cxd5 Nc5 16. Ng3 g6 17. Rfe1 f5 18. exf5 gxf5 19. Nf1 Kh8 20. Ne3 f4 21. Nc4 e4 22. Rxe4 Nxe4 23. Qxe4 Rae8 0-1

[Event "SD-2019-0-00305"]
[Site "LSS email"]
[Date "2019.11.10"]
[Round "?"]
[White "Groth, Detlef"]
[Black "Ruano Casanova, Enrique"]
[Result "0-1"]
[WhiteElo "1642"]
[BlackElo "1251"]
[PlyCount "50"]
[EventDate "2019.06.30"]
[EventType "tourn (corr)"]
[EventRounds "6"]
[EventCountry "GER"]
[SourceTitle "Corr 2022"]
[Source "ChessBase"]
[SourceDate "2021.10.24"]
[SourceVersion "1"]
[SourceVersionDate "2021.10.24"]
[SourceQuality "1"]

1. e4 c5 2. Nc3 Nc6 3. Bb5 Nd4 4. Bc4 a6 5. a4 e6 6. Nge2 Nf6 7. d3 Nc6 8. 0-0 Be7 9. d4 d5 10. exd5 exd5 11. Ba2 c4 12. Bg5 0-0 13. Nf4 Bg4 14. f3 Bf5 15. Bxf6 Bxf6 16. Nfxd5 Bxd4+ 17. Kh1 b5 18. axb5 axb5 19. Nxb5 Bxb2 20. Ndc3 Bxa1 21. Qxa1 Bxc2 22. Qb2 Bd3 23. Rd1 Qa5 24. Nd6 Rfb8 25. Qc1 Ne5 0-1

[Event "SD-2019-0-00304"]
[Site "LSS email"]
[Date "2019.10.24"]
[Round "?"]
[White "Bobisek, Jan"]
[Black "Groth, Detlef"]
[Result "1-0"]
[WhiteElo "1360"]
[BlackElo "1642"]
[PlyCount "43"]
[EventDate "2019.04.08"]
[EventType "tourn (corr)"]
[EventRounds "6"]
[EventCountry "GER"]
[SourceTitle "Corr 2022"]
[Source "ChessBase"]
[SourceDate "2021.10.24"]
[SourceVersion "1"]
[SourceVersionDate "2021.10.24"]
[SourceQuality "1"]

1. c4 e5 2. Nc3 Nc6 3. g3 f5 4. Bg2 Nf6 5. b3 g6 6. d3 Bg7 7. Bb2 d6 8. e4 Be6 9. Nge2 0-0 10. 0-0 Qd7 11. Nd5 fxe4 12. dxe4 Bh3 13. Nxf6+ Bxf6 14. c5 Bxg2 15. Kxg2 Qe6 16. cxd6 Rad8 17. Ba3 cxd6 18. Qd3 Be7 19. Rad1 Kg7 20. f4 exf4 21. Nxf4 Qg4 22. h3 1-0

[Event "LSS No Engine Cup 194 Preliminary 0"]
[Site "LSS email"]
[Date "2019.10.14"]
[Round "?"]
[White "Plastinin, Alexandr"]
[Black "Groth, Detlef"]
[Result "0-1"]
[WhiteElo "1418"]
[BlackElo "1620"]
[PlyCount "40"]
[EventDate "2019.10.15"]
[EventType "tourn (corr)"]
[EventRounds "6"]
[EventCountry "GER"]
[SourceTitle "Corr 2022"]
[Source "ChessBase"]
[SourceDate "2021.10.24"]
[SourceVersion "1"]
[SourceVersionDate "2021.10.24"]
[SourceQuality "1"]

1. e4 d5 2. exd5 Qxd5 3. Nf3 Nf6 4. Be2 Nc6 5. 0-0 Bf5 6. c4 Qd7 7. Nc3 e5 8. d3 Be7 9. Bg5 Rd8 10. Bxf6 Bxf6 11. Nd5 Be7 12. Nxe7 Qxe7 13. Re1 0-0 14. a3 Nd4 15. Bf1 Nxf3+ 16. gxf3 Qg5+ 17. Kh1 Rfe8 18. Re3 Rd6 19. Qe2 Rg6 20. Rxe5 Qg1# 0-1

[Event "ZI-2019-0-02619"]
[Site "LSS email"]
[Date "2019.09.15"]
[Round "?"]
[White "Dlugolecki, Grzegorz"]
[Black "Groth, Detlef"]
[Result "1-0"]
[WhiteElo "1841"]
[BlackElo "1642"]
[PlyCount "79"]
[EventDate "2019.08.28"]
[EventType "match (corr)"]
[EventRounds "2"]
[EventCountry "GER"]
[SourceTitle "Corr 2022"]
[Source "ChessBase"]
[SourceDate "2021.10.24"]
[SourceVersion "1"]
[SourceVersionDate "2021.10.24"]
[SourceQuality "1"]

1. e4 d5 2. exd5 Qxd5 3. Nc3 Qd8 4. d4 Nf6 5. Be2 c6 6. Nf3 Bf5 7. Nh4 Bg6 8. 0-0 e6 9. g3 Nbd7 10. Nxg6 hxg6 11. Re1 Bd6 12. Bf3 0-0 13. h4 Qc7 14. Bg5 Rfe8 15. Qd2 Nd5 16. Rad1 N7f6 17. Ne4 Nxe4 18. Bxe4 Rac8 19. Kg2 Be7 20. Bf3 Rcd8 21. c4 Nf6 22. Qe2 Rd7 23. h5 gxh5 24. Bxh5 Nxh5 25. Qxh5 g6 26. Qg4 Bxg5 27. Qxg5 Qd8 28. Qe5 Qc7 29. Qe3 Qd8 30. Qe5 Qc7 31. Qe3 Qd8 32. Rh1 Qf6 33. Rh4 c5 34. d5 Red8 35. Rf4 Qxb2 36. Re4 Qxa2 37. dxe6 Rxd1 38. exf7+ Kg7 39. f8Q+ Rxf8 40. Re7+ 1-0

[Event "ZI-2019-0-02619"]
[Site "LSS email"]
[Date "2019.09.15"]
[Round "?"]
[White "Groth, Detlef"]
[Black "Dlugolecki, Grzegorz"]
[Result "0-1"]
[WhiteElo "1642"]
[BlackElo "1841"]
[PlyCount "78"]
[EventDate "2019.08.28"]
[EventType "match (corr)"]
[EventRounds "2"]
[EventCountry "GER"]
[SourceTitle "Corr 2022"]
[Source "ChessBase"]
[SourceDate "2021.10.24"]
[SourceVersion "1"]
[SourceVersionDate "2021.10.24"]
[SourceQuality "1"]

1. e4 e5 2. d4 exd4 3. Qxd4 Nc6 4. Qe3 Nf6 5. Nc3 Bb4 6. Bd2 0-0 7. 0-0-0 Re8 8. Qg3 Nxe4 9. Nxe4 Rxe4 10. c3 Be7 11. f4 d6 12. Bd3 Bh4 13. Qf3 Re8 14. g3 Bf6 15. Ne2 Be6 16. Kb1 Qd7 17. f5 Ne5 18. fxe6 Qxe6 19. Bxh7+ Kxh7 20. Qh5+ Kg8 21. Nf4 Qg4 22. Rhf1 Qxh5 23. Nxh5 Nd7 24. Rde1 Be5 25. Nf4 Bxf4 26. Bxf4 f5 27. Kc2 Kf7 28. Kd2 Kg6 29. Be3 Nf6 30. Rf3 Re6 31. Bd4 Ne4+ 32. Kc2 c5 33. Be3 Nf6 34. a3 Rae8 35. h4 Ng4 36. Kd2 Ne5 37. h5+ Kh7 38. Rf4 b5 39. b3 c4 0-1

[Event "OP-2017-0-04266"]
[Site "LSS email"]
[Date "2017.01.23"]
[Round "?"]
[White "Gazen, Louis"]
[Black "Groth, Detlef"]
[Result "1/2-1/2"]
[WhiteElo "1948"]
[BlackElo "1619"]
[PlyCount "85"]
[EventDate "2017.01.18"]
[EventType "tourn (corr)"]
[EventRounds "4"]
[EventCountry "GER"]
[SourceTitle "Corr 2022"]
[Source "ChessBase"]
[SourceDate "2021.10.24"]
[SourceVersion "1"]
[SourceVersionDate "2021.10.24"]
[SourceQuality "1"]

1. e4 e6 2. Nf3 d5 3. Nc3 Nf6 4. exd5 exd5 5. d4 Bd6 6. Bd3 0-0 7. 0-0 Bg4 8. Nb5 Be7 9. h3 Bh5 10. Bf4 Na6 11. Nc3 Nb4 12. Be2 Nc6 13. Ne5 Bxe2 14. Nxc6 Bxd1 15. Nxd8 Bxc2 16. Nxb7 Rfb8 17. Rfe1 Kf8 18. Rec1 Bg6 19. Nc5 Rxb2 20. Bxc7 Rc8 21. Be5 Rd8 22. Nb3 Ne8 23. Na4 Re2 24. Kf1 Rc2 25. Rxc2 Bxc2 26. Nac5 Kg8 27. Rc1 Bg6 28. Nb7 Ra8 29. g4 f6 30. Bf4 Ba3 31. Rc6 Bd3+ 32. Kg2 Bb5 33. Rc3 Bb4 34. Re3 g5 35. Bg3 a5 36. N3c5 a4 37. f4 Bd2 38. Rf3 h6 39. fxg5 hxg5 40. Nd6 Nxd6 41. Bxd6 Re8 42. Rxf6 Re1 43. Rf8+ 1/2-1/2

[Event "OP-2017-0-04266"]
[Site "LSS email"]
[Date "2017.01.23"]
[Round "?"]
[White "Groth, Detlef"]
[Black "Kolanek, Sylwia"]
[Result "1/2-1/2"]
[WhiteElo "1619"]
[BlackElo "1827"]
[PlyCount "87"]
[EventDate "2017.01.18"]
[EventType "tourn (corr)"]
[EventRounds "4"]
[EventCountry "GER"]
[SourceTitle "Corr 2022"]
[Source "ChessBase"]
[SourceDate "2021.10.24"]
[SourceVersion "1"]
[SourceVersionDate "2021.10.24"]
[SourceQuality "1"]

1. e4 c5 2. d4 cxd4 3. c3 dxc3 4. Nxc3 Nc6 5. Nf3 e6 6. Bc4 Be7 7. 0-0 d6 8. Qe2 a6 9. Rd1 Bd7 10. Bf4 e5 11. Be3 Nf6 12. h3 0-0 13. Rac1 b5 14. Bb3 Rc8 15. Nd5 Nxd5 16. Bxd5 Nb4 17. Bb3 Rxc1 18. Rxc1 Qb8 19. Qd2 Nc6 20. Ng5 Bxg5 21. Bxg5 Nd4 22. Bd5 Rc8 23. Rxc8+ Qxc8 24. Be3 Nc6 25. Qc3 Kf8 26. f4 f6 27. Qa3 Ke7 28. Bxc6 Qxc6 29. fxe5 fxe5 30. Bg5+ Ke8 31. Qd3 Be6 32. a3 Bc4 33. Qf3 Bf7 34. Qf5 h6 35. Bd2 Qd7 36. Qxd7+ Kxd7 37. Kf2 h5 38. h4 d5 39. exd5 Bxd5 40. g3 Ke7 41. Ke3 Kf6 42. Bc3 Kf5 43. Kd3 Bc6 44. Ke3 1/2-1/2

[Event "ZI-2017-0-02259"]
[Site "LSS email"]
[Date "2017.01.14"]
[Round "?"]
[White "Bokros, Janos"]
[Black "Groth, Detlef"]
[Result "1/2-1/2"]
[WhiteElo "1525"]
[BlackElo "1619"]
[PlyCount "62"]
[EventDate "2017.01.04"]
[EventType "match (corr)"]
[EventRounds "2"]
[EventCountry "GER"]
[SourceTitle "Corr 2022"]
[Source "ChessBase"]
[SourceDate "2021.10.24"]
[SourceVersion "1"]
[SourceVersionDate "2021.10.24"]
[SourceQuality "1"]

1. e4 e6 2. Nc3 d5 3. d4 Bb4 4. exd5 exd5 5. Bd3 c6 6. Nf3 Ne7 7. 0-0 Bg4 8. h3 Bh5 9. Re1 Nd7 10. Qe2 Nf6 11. Bg5 0-0 12. Bxf6 gxf6 13. a3 Bd6 14. Qe3 Qd7 15. Ne2 Rae8 16. Ng3 Bg6 17. Nh4 Nf5 18. Bxf5 Bxf5 19. Qf3 Bg6 20. Nh5 Be7 21. Nxf6+ Bxf6 22. Qxf6 Bxc2 23. Rac1 Bg6 24. f4 Re6 25. Qg5 f6 26. Qg3 Rxe1+ 27. Rxe1 Kf7 28. f5 Bh5 29. Qf2 Kg7 30. Qg3+ Kf7 31. Qf2 Kg7 1/2-1/2

[Event "LSS No Engine Cup 131 Preliminary 0"]
[Site "LSS email"]
[Date "2015.05.18"]
[Round "?"]
[White "Cuaycong, Virgilio"]
[Black "Groth, Detlef"]
[Result "1/2-1/2"]
[WhiteElo "1812"]
[BlackElo "1619"]
[PlyCount "47"]
[EventDate "2015.05.19"]
[EventType "tourn (corr)"]
[EventRounds "6"]
[EventCountry "GER"]
[SourceTitle "Corr 2022"]
[Source "ChessBase"]
[SourceDate "2021.10.24"]
[SourceVersion "1"]
[SourceVersionDate "2021.10.24"]
[SourceQuality "1"]

1. d4 Nf6 2. c4 g6 3. Nc3 Bg7 4. e4 d6 5. f4 0-0 6. Nf3 c5 7. d5 e6 8. Be2 exd5 9. cxd5 Bg4 10. 0-0 Nbd7 11. h3 Bxf3 12. Bxf3 Re8 13. Re1 Qa5 14. Be3 b5 15. a3 Nb6 16. e5 Nc4 17. exf6 Nxe3 18. Rxe3 Rxe3 19. fxg7 Rae8 20. Qd2 f5 21. h4 Kxg7 22. h5 Qb6 23. Rf1 c4 24. Qf2 1/2-1/2

[Event "ZI-2015-0-01966"]
[Site "LSS email"]
[Date "2015.05.13"]
[Round "?"]
[White "Hansen, Michael Bo"]
[Black "Groth, Detlef"]
[Result "1-0"]
[WhiteElo "1790"]
[BlackElo "1677"]
[PlyCount "47"]
[EventDate "2015.04.29"]
[EventType "match (corr)"]
[EventRounds "2"]
[EventCountry "GER"]
[SourceTitle "Corr 2022"]
[Source "ChessBase"]
[SourceDate "2021.10.24"]
[SourceVersion "1"]
[SourceVersionDate "2021.10.24"]
[SourceQuality "1"]

1. d4 Nf6 2. c4 g6 3. g3 d5 4. Bg2 dxc4 5. Nf3 Bg7 6. Na3 c3 7. bxc3 0-0 8. 0-0 c5 9. Re1 cxd4 10. cxd4 Bf5 11. Bb2 Nc6 12. d5 Nb4 13. Nh4 Bd7 14. e4 g5 15. Nf3 Bg4 16. Qd2 Bxf3 17. Bxf3 g4 18. Bg2 a5 19. Nc4 b5 20. Ne3 Rc8 21. a3 Na6 22. Nf5 Qd7 23. Qg5 Ne8 24. Bxg7 1-0

[Event "RC-2015-0-00170"]
[Site "LSS email"]
[Date "2015.05.11"]
[Round "?"]
[White "Groth, Detlef"]
[Black "Trusewicz, Aleksandra"]
[Result "0-1"]
[WhiteElo "1677"]
[BlackElo "1882"]
[PlyCount "44"]
[EventDate "2015.01.26"]
[EventType "tourn (corr)"]
[EventRounds "6"]
[EventCountry "GER"]
[SourceTitle "Corr 2022"]
[Source "ChessBase"]
[SourceDate "2021.10.24"]
[SourceVersion "1"]
[SourceVersionDate "2021.10.24"]
[SourceQuality "1"]

1. e4 e5 2. d4 exd4 3. Qxd4 Nc6 4. Qe3 Nf6 5. Nc3 Bb4 6. Bd2 0-0 7. 0-0-0 Re8 8. Qg3 Rxe4 9. a3 Bd6 10. f4 Re8 11. Nf3 Bf8 12. h4 d5 13. Bd3 d4 14. Ne2 Qd5 15. c4 Qc5 16. b4 Qd6 17. h5 a5 18. h6 Rxe2 19. Bxe2 axb4 20. hxg7 Bxg7 21. Bd3 Rxa3 22. Bb1 Qe6 0-1

[Event "LSS No Engine Cup 35 Preliminary 4"]
[Site "LSS email"]
[Date "2011.01.20"]
[Round "?"]
[White "Groth, Detlef"]
[Black "Recio Chicharro, Luis"]
[Result "0-1"]
[WhiteElo "1595"]
[BlackElo "1212"]
[PlyCount "44"]
[EventDate "2011.01.21"]
[EventType "tourn (corr)"]
[EventRounds "6"]
[EventCountry "GER"]
[SourceTitle "Telechess CBM 147"]
[Source "ChessBase"]
[SourceDate "2012.03.16"]
[SourceVersion "1"]
[SourceVersionDate "2012.03.16"]
[SourceQuality "1"]

1. e4 c5 2. b4 e5 3. Nf3 cxb4 4. Bc4 d6 5. a3 Qc7 6. Bb3 h6 7. axb4 Nf6 8. 0-0 Be7 9. d3 Be6 10. c4 0-0 11. Be3 a6 12. Nc3 Nc6 13. b5 axb5 14. Nxb5 Qd7 15. Qc2 Bg4 16. Qe2 Nb4 17. Bd2 Nc6 18. Bc3 Nh5 19. Rxa8 Rxa8 20. Ra1 Rxa1+ 21. Bxa1 Nf4 22. Qd1 Nb4 0-1

[Event "LSS No Engine Cup 35 Preliminary 4"]
[Site "LSS email"]
[Date "2011.01.20"]
[Round "?"]
[White "Kappel, Ray D"]
[Black "Groth, Detlef"]
[Result "1-0"]
[WhiteElo "1346"]
[BlackElo "1595"]
[PlyCount "85"]
[EventDate "2011.01.21"]
[EventType "tourn (corr)"]
[EventRounds "6"]
[EventCountry "GER"]
[SourceTitle "Telechess CBM 147"]
[Source "ChessBase"]
[SourceDate "2012.03.16"]
[SourceVersion "1"]
[SourceVersionDate "2012.03.16"]
[SourceQuality "1"]

1. b4 c5 2. b5 d5 3. e3 Nf6 4. Nf3 Bg4 5. Be2 Nbd7 6. 0-0 e5 7. d4 cxd4 8. exd4 e4 9. Nfd2 Bxe2 10. Qxe2 Be7 11. a4 0-0 12. Na3 Qb6 13. Bb2 Bxa3 14. Rxa3 a6 15. Rb3 axb5 16. Rxb5 Qc6 17. a5 b6 18. axb6 Nxb6 19. Rb1 Nc4 20. Rc5 Qa6 21. Nxc4 dxc4 22. Bc3 Rfb8 23. Rxb8+ Rxb8 24. g3 h6 25. Qxc4 Qa8 26. d5 Rb1+ 27. Kg2 Qa3 28. Rc8+ Kh7 29. Qe2 Qc1 30. Bxf6 Qh1+ 31. Kh3 Rg1 32. Bxg7 Qg2+ 33. Kg4 Kxg7 34. c4 h5+ 35. Kg5 f6+ 36. Kf4 Rf1 37. Ke3 Re1 38. Qxe1 Qf3+ 39. Kd4 Qd3+ 40. Kc5 Qa3+ 41. Qb4 Qa7+ 42. Qb6 Qa3+ 43. Kc6 1-0

[Event "LSS No Engine Cup Gr06 prel 02 email"]
[Site "LSS email"]
[Date "2009.09.07"]
[Round "?"]
[White "Murphy, Jones"]
[Black "Groth, Detlef"]
[Result "1-0"]
[WhiteElo "1283"]
[BlackElo "1700"]
[PlyCount "45"]
[EventDate "2009.09.08"]
[EventType "tourn (corr)"]
[EventRounds "6"]
[EventCountry "GER"]
[SourceTitle "Telechess CBM 137"]
[Source "ChessBase"]
[SourceDate "2010.07.15"]
[SourceVersion "1"]
[SourceVersionDate "2010.07.15"]
[SourceQuality "1"]

1. e4 e5 2. Nf3 d5 3. exd5 Qxd5 4. Nc3 Qe6 5. Bb5+ c6 6. Ba4 Qg6 7. Qe2 Be7 8. 0-0 Bh3 9. Ne1 Nd7 10. d3 Ngf6 11. Bd2 0-0 12. Qe3 Be6 13. Nf3 Ng4 14. Qe2 f6 15. Bb3 Bxb3 16. axb3 Bc5 17. h3 Nh6 18. Nh4 Qg3 19. Qh5 Nf7 20. Ne4 g6 21. Nxg3 gxh5 22. Ne4 Bb6 23. Nf5 1-0

[Event "LSS ZI-2009-0-00490"]
[Site "LSS email"]
[Date "2009.08.30"]
[Round "?"]
[White "Groth, Detlef"]
[Black "Traczewski, Wojciech"]
[Result "0-1"]
[WhiteElo "1757"]
[BlackElo "1741"]
[PlyCount "38"]
[EventDate "2009.08.24"]
[EventType "match (corr)"]
[EventRounds "2"]
[EventCountry "GER"]
[SourceTitle "Telechess CBM 137"]
[Source "ChessBase"]
[SourceDate "2010.07.15"]
[SourceVersion "1"]
[SourceVersionDate "2010.07.15"]
[SourceQuality "1"]

1. e4 c5 2. Nc3 Nc6 3. g3 g6 4. Bg2 Bg7 5. d3 d6 6. Nh3 Nf6 7. 0-0 0-0 8. Nf4 Bg4 9. f3 Bd7 10. Be3 b5 11. Qd2 b4 12. Nce2 a5 13. Rab1 Rb8 14. c3 Ne5 15. Nd5 Nxd5 16. exd5 Bf5 17. Nf4 bxc3 18. bxc3 Rxb1 19. Rxb1 Nc4 0-1